000
00375nam a2200133Ia 4500
003
GCL
008
140319s9999 xx 000 0 ara d
040
_a
GCL /
_c
GCL
082
0
4
_a
225
_b
ج غ
245
1
0
_a
غايات البيان فى معرفة مادات القران
260
_a
[S.N] :
_b
دار ابو المجد للطباعة ،
_c
1990
300
_a
268 ص
490
_a
999
_c
35553
_d
35553